The great warriors of the Mahabharta / (Record no. 143729)

MARC details
000 -LEADER
fixed length control field 00645nam a22002057a 4500
005 - DATE AND TIME OF LATEST TRANSACTION
control field 20170823162413.0
008 - FIXED-LENGTH DATA ELEMENTS--GENERAL INFORMATION
fixed length control field 130117t xxu||||| |||| 00| 0 eng d
010 ## - LCCN (DPL NO)
LC control number ENG-120035
020 ## - INTERNATIONAL STANDARD BOOK NUMBER
International Standard Book Number 9789386535153
Terms of availability 995.00
035 ## - SYSTEM CONTROL NUMBER
System control number EN-103567
037 ## - SOURCE OF ACQUISITION
Source of stock number/acquisition DBAD/PUB
082 ## - DEWEY DECIMAL CLASSIFICATION NUMBER
Classification number 230.1
245 ## - TITLE STATEMENT
Title The great warriors of the Mahabharta /
Statement of responsibility, etc edited by Lenin Rathore
260 ## - PUBLICATION, DISTRIBUTION, ETC. (IMPRINT)
Place of publication, distribution, etc New Delhi
Name of publisher, distributor, etc Lotus Press
Date of publication, distribution, etc 2017
270 ## - ADDRESS
Address 4263/3, Ansari Road, Daryaganj
City New Delhi
Postal code 110002
300 ## - PHYSICAL DESCRIPTION
Extent vii, 296p.
Dimensions 22cm(pbk)
651 ## - SUBJECT ADDED ENTRY--GEOGRAPHIC NAME
Geographic name India
General subdivision History
Chronological subdivision To 1206 A.D.
9 (RLIN) 54845
700 ## - ADDED ENTRY--PERSONAL NAME
Personal name Rathore,Lenin
942 ## - ADDED ENTRY ELEMENTS (KOHA)
Source of classification or shelving scheme Dewey Decimal Classification
Item type English Books
Call number suffix THE
Classification part 230.1
Holdings
Withdrawn status Lost status Source of classification or shelving scheme Damaged status Not for loan Collection code Home library Current library Date acquired Source of acquisition Cost, normal purchase price Total Checkouts Total Renewals Full call number Barcode Date last seen Copy number Cost, replacement price Koha item type
    Dewey Decimal Classification     Non-fiction Ashok Vihar Ashok Vihar 23/08/2017 DBAD/PUB 995.00 1 2 230.1 THE EN-103567 12/02/2025 1 995.00 English Books

© Delhi Public Library
Hit Counter
free hit counter